书目信息 |
| 题名: |
冷读术
|
|
| 作者: | 柳千雪 著 | |
| 分册: | ||
| 出版信息: | 北京 电子工业出版社 2013 |
|
| 页数: | 11,202页 | |
| 开本: | 24cm | |
| 丛书名: | 冷读术实操应用丛书 | |
| 单 册: | ||
| 中图分类: | B849-49 , C913.1 | |
| 科图分类: | ||
| 主题词: | 应用心理学--通俗读物 , 男性--恋爱心理学--通俗读物 , 男性 , 恋爱心理学 , 应用心理学 | |
| 电子资源: | ||
| ISBN: | 978-7-121-20586-6 | |
| 000 | 00994nam0 2200313 450 | |
| 001 | 139620 | |
| 005 | 20140913084112.01 | |
| 010 | @a978-7-121-20586-6@dCNY 32.00 | |
| 100 | @a20130821d2013 em y0chiy50 ea | |
| 101 | 0 | @achi |
| 102 | @aCN@b110000 | |
| 105 | @ay z 000yy | |
| 200 | 1 | @a冷读术@Aleng du shu@b专著@e魅力男人的恋爱沟通术@f柳千雪著 |
| 210 | @a北京@c电子工业出版社@d2013 | |
| 215 | @a11,202页@d24cm | |
| 225 | 1 | @a冷读术实操应用丛书 |
| 300 | @a心理发展力书架 | |
| 304 | @a英文共同题名:Cold Reading | |
| 330 | @a本书重点解读了男性如何掌控与异性的交往过程。从冷读术的概念出发,详细介绍了男性在与女性交往中如何看穿对方心理、吸引对方的注意以及最终建立稳健的亲密关系的过程。 | |
| 606 | 0 | @a应用心理学@j通俗读物 |
| 606 | 0 | @a男性@x恋爱心理学@j通俗读物 |
| 606 | 0 | @a男性 |
| 606 | 0 | @a恋爱心理学 |
| 606 | 0 | @a应用心理学 |
| 690 | @aB849-49@v5 | |
| 690 | @aC913.1@v5 | |
| 701 | 0 | @a柳千雪@Aliu qian xue@4著 |
| 801 | 0 | @c20140913 |
| 905 | @a241430@dB849-49@eL754 | |
| 冷读术:魅力男人的恋爱沟通术/柳千雪著.-北京:电子工业出版社,2013 |
| 11,202页;24cm.-(冷读术实操应用丛书) |
| 心理发展力书架 |
| ISBN 978-7-121-20586-6:CNY 32.00 |
| 本书重点解读了男性如何掌控与异性的交往过程。从冷读术的概念出发,详细介绍了男性在与女性交往中如何看穿对方心理、吸引对方的注意以及最终建立稳健的亲密关系的过程。 |
| ● |
| 相关链接 |
|
|
|
正题名:冷读术
索取号:B849-49/L754
 
预约/预借
| 序号 | 登录号 | 条形码 | 馆藏地/架位号 | 状态 | 备注 |
| 1 | 0831560 | 208315606 | 社科库509/509社科库 52排9列5层/ [索取号:B849-49/L754] | 在馆 | |
| 2 | 0831561 | 208315615 | 社科库509/509社科库 52排9列5层/ [索取号:B849-49/L754] | 在馆 | |
| 3 | 0831562 | 208315624 | 社科库509/509社科库 52排9列5层/ [索取号:B849-49/L754] | 在馆 |